000 00507cam a22002171 4500
001 sa 68014964
003 DLC
005 20260227112637.0
008 920302s1964 ce 000 1 tamo
010 _asa 68014964
035 _a(OCoLC)25378923
040 _aDLC
_cWaU
_dDLC
042 _apremarc
050 0 0 _aPL4758.8
_b.T3
100 1 _aTāvut, U. L.
245 1 0 _aMuslim katai malar.
260 _c[1964]
300 _a154 p.
_c18 cm.
500 _aIn Tamil.
650 0 _aShort stories, Tamil.
999 _c86133
_d86133